Paesi per immagine satellitare parziale #2 - Statistics

Statistiche generali
  • Questo quiz è stato fatto 45 volte
  • Il punteggio medio è 10 su 15
Statistiche sulle risposte
con Immagini Risposta % Corretto
Stati Uniti
98%
Giappone
90%
Messico
90%
Danimarca
88%
Marocco
85%
Spagna
83%
Nuova Zelanda
78%
Brasile
75%
Regno Unito
73%
Sri Lanka
58%
Svezia
55%
Papua Nuova Guinea
38%
Venezuela
35%
Sudafrica
30%
Vietnam
25%
Nessun quiz corrispondente trovato
Distribuzione punteggi
Percentuale di utenti per punteggio
Percentile per numero di risposta
I tuoi punteggi nel tempo
Non hai fatto questo quiz